000 00665nam a22001937a 4500
999 _c187472
_d187472
005 20220420161948.0
010 _aENG-132341
020 _a9789350978214
_c300.00
035 _aEN-115873
037 _bDBAD/PUB
082 _a657.48
100 _aLal, Jawahar
245 _aSolutions Manuals on Financial Accounting:
_bFor Four Year Degree Course in Commerce/
_cJawahar Lal and Seema Srivastava
260 _aMumbai
_bHimalaya Publishing House Pvt Ltd
_c2020
270 _aRamdoot Dr. Bhalerao Marg, Girgaon
_bMumbai
_e400004
_mhimpub@vsnl.com
300 _av, 170p.
_c24cm(pbk)
700 _aSrivastava, Seema
942 _2ddc
_cEN
_h657.48
_mLAL